QCM Les sports rares 2 - Statistiques

Statistiques générales
  • Ce quiz a été pris 16 fois
  • Le résultat moyen est 8 sur 30
Statistiques - réponses
Question Réponse % Correct
Le base jump consiste à sauter en parachute d'une plateforme haute
94%
Qu'est-ce qui est interdit au tir à la corde ? tourner le dos à l'adversaire
63%
Le tir à la corde est un des plus vieux sports, il a été discipline olympique de 1900 à 1920
44%
L'arme utilisée au paintball est appelée... lanceur
44%
Le ski joering combine l'équitation et le ski
44%
Quelle qualité ne recherche-t-on pas chez un cheval de horse-ball ? l'indépendance
44%
Le duathlon est la combinaison de cycliste sur route et course à pied
38%
Au horse-ball, qu'a de particulier le ballon ? il est muni d'anses de cuir
38%
La vitesse maximale atteinte lors de la pratique du base-jump est de 200 km/h
31%
Quelle catégorie n'existe pas au plongeon ? basculé
31%
Pour jouer au vigoro on utilise un terrain de cricket
31%
le tir à la corde basque est appelé sokatira
31%
La voile sur glace se pratique aux Pays-Bas depuis au moins le XVIIe siècle
31%
Le ski joering a été sport de démonstration lors des Jeux Olympiques de 1928
25%
Outre les Pays-Bas, la voile sur glace est pratiquée au Canada
25%
Pour faire de la voile sur glace... on ajoute des patins à la coque
25%
Le parkour est une discipline apparue en France dans les années 1990
19%
Le plongeon de super haut-vol au championnat du monde, se pratique à partir de plateformes situées à 27 m pour les hommes et 20 pour les femmes
19%
Entre 1990 et 2023, la France a obtenu des titres mondiaux en duathlon, 7 masculins et 4 féminins
19%
Au paintball, le nombre maximal de joueurs par équipe, au niveau européen, est de 3 joueurs + 2 remplaçants + 1 coach
13%
A quoi sert la "peau de chamois" utilisée par les plongeurs ? à s'essuyer entre deux sauts
13%
Le meilleur club français de horse-ball est situé à Bordeaux
13%
Le paintball est un loisir mais aussi un sport, dans ce cas, quel type de joueur n'existe pas ? Eclaireur
13%
Le vigoro est un sport créé en Australie
13%
Le vigoro est un sport pratiqué par les femmes
13%
Quel mouvement n'existe pas au parkour ? Saut de cabri
13%
Le ski joering ne se pratique pas avec des rennes
6%
Quand on pratique le base-jump du haut de falaises on appelle cette discipline paralpinisme
6%
Le duathlon n'est pas aussi appelé Cotithlon
0%
On peut voir des scènes de parkour au cinéma dans plusieurs films mais pas dans... Skyfall
0%
Aucun quiz correspondant
Distribution des résultats
% des personnes avec chaque résultat
Percentile par nombre de réponses
Votre historique - résultats
Vous n’avez pas pris ce quiz